| 000 | 01151nam a2200265 a 4500 | ||
|---|---|---|---|
| 001 | 81989 | ||
| 003 | BD-RjUL | ||
| 005 | 20231108130019.0 | ||
| 008 | 230925s2013 bg a|||| m||| 00| 0 eng d | ||
| 035 | _a(BD-RjUL)81989 | ||
| 040 |
_aBD-RjUL _beng _cBD-RjUL _dBD-RjUL |
||
| 041 | _aeng | ||
| 082 |
_223 _a628.1 _bJAP 2013 |
||
| 100 |
_aJAHAN, ISRAT _99191 |
||
| 245 | 1 | 0 |
_aPreparation, Characterization and Application of Activated Carbon for Arsenic Separation from Water / _cISRAT JAHAN ; _6Supervisor : Md. Sahedur Rahman,Co-Supervisor : Md. Asadullah & A. T. M. Kamrul Hassan |
| 260 |
_aRajshaji : _bDepartment of Applied Chemistry and Chemical Engineering, University of Rajshahi, _c2013 |
||
| 300 |
_axxv, 224 leaves : _bill.; _c29 cm. |
||
| 502 | _aThesis(Ph.D.)-- Department of Applied Chemistry and Chemical Engineering,University of Rajshahi,2013 | ||
| 504 | _aReferences : Leaves 204-224 | ||
| 650 |
_aWater Supply _xArsenic Separation _vCarbon _99192 |
||
| 700 |
_aRahman, Md. Sahedur, Supervisor _99193 |
||
| 700 |
_aAsadullah, Md. Co-Supervisor _99194 |
||
| 700 |
_aHassan, A. T. M. Kamrul, Co-Supervisor _99195 |
||
| 942 |
_2ddc _cTHE |
||
| 999 |
_c81989 _d81989 |
||